00446 2200181 4500001002100000005001500021008004100036020001800077035001900095041000700114082000800121090001400129100001500143245002000158260004100178300001800219650002700237INLIS00000000001854220241224115525241224||||||||| | ||| |||| || |  a979-9219-66-3 0010-1224018542 aid0 a813 a813 SET k0 aW.Setiawan00aKIDUNG LARADINI aBandungbIndah Jaya Adipratamac1992 a68hlm;14x21cm 0akesusastraan Indonesia